000
00305nam a2200121Ia 4500
008
240624s9999 xx 000 0 und d
041
_a
eng
082
_a
658.314 BYR
100
_a
BYRNE RHONDA
245
_a
SECRET
260
_c
2006
_a
New York
_b
Beyond Words Publication
300
_a
xv, : 198 : p. : cm. ; 24
999
_c
5419
_d
5419